Directorio de entidades ambientales colombianas. (Registro nro. 2780)

Detalles MARC
000 -CABECERA
Campo de control 00745nam a2200229 a 4500
005 - FECHA Y HORA DE LA ULTIMA TRANSACCION
Campo de control 20160106100955.0
008 - ELEMENTOS DE LONGITUD FIJA—INFORMACION GENERAL
Campo de control 960531s1995 ck r 001 0 spa
040 ## - FUENTE DE CATALOGACIÓN
Agencia catalogadora original DLC
Agencia transcriptora DLC
041 0# - IDIOMA
Código de idioma para texto/pista de sonido o título separado Español
044 ## - PAÍS DE PUBLICACIÓN
País de publicación Colombia
090 ## - CLASIFICACIÓN LOCAL
Colección RE-
Consecutivo 0043
245 00 - MENCION DE TITULO
Título Directorio de entidades ambientales colombianas.
250 ## - MENCION DE EDICION
Mención de edición Primera edición
260 ## - PUBLICACION, DISTRIBUCION, ETC. (PIE DE IMPRENTA)
Lugar de publicación, distribución, etc. Santafé de Bogotá :
Nombre del editor, distribuidor, etc. ECOFONDO :
-- FES :
-- FIDUFES,
Fecha de publicación, distribución, etc. 1995.
300 ## - DESCRIPCION FISICA
Extensión 277 páginas ;
Dimensiones 28 x 21 cm.
500 ## - NOTA GENERAL
Nota general Incluye índice.
650 #6 - ASIENTO SECUNDARIO DE MATERIA - TERMINO TEMATICO
Término temático o nombre geográfico como elemento de entrada Servicios ecosistémicos
Subdivisión general Sociedades, insituciones etc.
Subdivisión geográfica Colombia
Subdivisión general Directorios.
9 (RLIN) 47163
710 2# - ASIENTO SECUNDARIO - NOMBRE CORPORATIVO
Nombre corporativo o de jurisdicción como elemento de entrada ECOFONDO (Colombia)
9 (RLIN) 47154
710 2# - ASIENTO SECUNDARIO - NOMBRE CORPORATIVO
Nombre corporativo o de jurisdicción como elemento de entrada Fundación para la Educación Superior.
9 (RLIN) 47155
710 2# - ASIENTO SECUNDARIO - NOMBRE CORPORATIVO
Nombre corporativo o de jurisdicción como elemento de entrada FIDUFES.
9 (RLIN) 47156
942 ## - ELEMENTOS ADICIONALES (KOHA)
Sistema de clasificación Local
Tipo de ítem Referencia
Existencias
Withdrawn status Lost status Sistema de Clasificación Damaged status No para préstamo Colección Ubicación Permanente Ubicación actual Fecha de adquisición Total Checkouts Número topográfico Inventario / Código de Barras Date last seen Ejemplar Price effective from Forma de adquisición Tipo de material
    Local   Procesos Técnicos Referencia Bogotá Bogotá 25/06/2002   RE-00043 003262 04/12/2012 Ej. 1 04/12/2012   Referencia